Catholic University of Zimbabwe Library
Online Public Access Catalogue
(OPAC)

Rhetoric and argumentation / (Record no. 3493)

MARC details
000 -LEADER
fixed length control field 00727cam a2200253 a 4500
001 - CONTROL NUMBER
control field 0000003621
005 - DATE AND TIME OF LATEST TRANSACTION
control field 20170406115156.0
008 - FIXED-LENGTH DATA ELEMENTS--GENERAL INFORMATION
fixed length control field 920303s1993 maua b 001 0 eng
010 ## - LIBRARY OF CONGRESS CONTROL NUMBER
LC control number 92009839
020 ## - INTERNATIONAL STANDARD BOOK NUMBER
International Standard Book Number 0205135927
035 ## - SYSTEM CONTROL NUMBER
-- (DLC) 92009839
040 ## - CATALOGING SOURCE
Original cataloging agency DLC
Transcribing agency DLC
Modifying agency DLC
050 00 - LIBRARY OF CONGRESS CALL NUMBER
Classification number PN4181
Item number .V36 1993
082 00 - DEWEY DECIMAL CLASSIFICATION NUMBER
Classification number 808.53
Edition number 20
100 1# - MAIN ENTRY--PERSONAL NAME
Personal name Vancil, David L.
245 10 - TITLE STATEMENT
Title Rhetoric and argumentation /
Statement of responsibility, etc. David L. Vancil.
260 ## - PUBLICATION, DISTRIBUTION, ETC.
Place of publication, distribution, etc. New york :
Name of publisher, distributor, etc. McGraw-hill,
Date of publication, distribution, etc. c1998.
300 ## - PHYSICAL DESCRIPTION
Extent xi, 337p. :
Other physical details ill. ;
Dimensions 25 cm.
504 ## - BIBLIOGRAPHY, ETC. NOTE
Bibliography, etc. note Includes bibliographical references and index.
650 #0 - SUBJECT ADDED ENTRY--TOPICAL TERM
Topical term or geographic name entry element Debates and debating.
650 #0 - SUBJECT ADDED ENTRY--TOPICAL TERM
Topical term or geographic name entry element Persuasion (Rhetoric)
650 #0 - SUBJECT ADDED ENTRY--TOPICAL TERM
Topical term or geographic name entry element Rhetoric.
908 ## - PUT COMMAND PARAMETER (RLIN)
Put command parameter 140627
Holdings
Withdrawn status Lost status Source of classification or shelving scheme Damaged status Not for loan Home library Current library Shelving location Date acquired Total Checkouts Full call number Barcode Date last seen Copy number Price effective from Koha item type
          CUZ Harare Campus CUZ Harare Campus Open Shelf 06.04.2017   PN 4181. V2 BK0004196 22.05.2025 CU4658 06.04.2017 OS Book

OPENING HOURS

Weekdays: 0815hrs - 1800hrs
Weekends:0900hrs - 1200hrs

Closed for Mass:

Mon, Thur: 1200hrs - 1300hrs
Sunday & Public Holiday’s

CALL SUPPORT

0242-570570, 0242-570169
09200664, +263 8644140602

LOCATION

18443, Cranborne Avenue, Hatfield, Harare

Other Links


©2021 | CUZ Library